| 000 | 01731cas a2200481 a 4500 | ||
|---|---|---|---|
| 001 | data | ||
| 005 | 20260322212117.0 | ||
| 008 | data | ||
| 010 |
_a 2006239033 _z 27004484 |
||
| 016 | 7 |
_a20530160R _2DNLM |
|
| 016 | 7 |
_aSR0017246 _2DNLM |
|
| 019 |
_a1161811252 _a40211688 _a1114926806 _a1161811252 |
||
| 029 | 1 |
_aAU@ _b000040281302 |
|
| 029 | 1 |
_aAU@ _b000060444322 |
|
| 029 | 1 |
_aNLGGC _b860290433 |
|
| 029 | 1 |
_aNLM _b20530160R |
|
| 029 | 1 |
_aNZ1 _b8920164 |
|
| 035 | _a(OCoLC)1772401 | ||
| 040 |
_aDLC _beng _cMUL _dOCLCL _dOCL _dOCLCQ _dIUL _dCGU _dNLM _dOCLCQ _dOCLCF _dAOW _dOCLCQ _dOCLCO _dOCLCA _dOCLCL |
||
| 041 | 0 |
_ajpn _ajpn |
|
| 042 | _apcc | ||
| 050 | 0 | 0 |
_aAS552 _b.S35 |
| 060 | 0 | 0 |
_aW1 _bSA278 |
| 130 | 0 |
_aMonographs (Saitō Hōonkai). _pReprint series. |
|
| 245 | 1 | 0 |
_aMonographs. _pReprint series / _cSaito Ho-on Kai (The Saito Gratitude Foundation). |
| 260 |
_aSendai, Japan : _bGeneral Dept. of Scientific Research, Saito Ho-on Kai, _c1926- |
||
| 300 |
_avolumes : _billustrations ; _c26 cm |
||
| 310 | _aIrregular | ||
| 336 |
_atext _btxt _2rdacontent |
||
| 337 |
_aunmediated _bn _2rdamedia |
||
| 338 |
_avolume _bnc _2rdacarrier |
||
| 362 | 0 | _aNo. 1 (Aug. 1926)- | |
| 362 | 1 | _aCeased with no. 12 in 1933. | |
| 546 | _aIn English and Japanese. | ||
| 588 | _aLatest issue consulted: No. 7 (Dec. 1929). | ||
| 650 | 0 | _aScience. | |
| 650 | 2 | _aScience. | |
| 650 | 7 |
_aScience. _2fast _0(OCoLC)fst01108176 |
|
| 655 | 2 | _aPeriodical. | |
| 710 | 2 |
_aSaitō Hōonkai. _1https://id.oclc.org/worldcat/entity/E39QH7JmpqhjVcCjCJXWjqBDkt |
|
| 776 | 0 | 8 |
_iOnline version: _tMonographs (Saitō Hōonkai). Reprint series _w(OCoLC)561330884 |
| 776 | 0 | 8 |
_iOnline version: _tMonographs (Saitō Hōonkai). Reprint series _w(OCoLC)605628322 |
| 999 |
_c1768 _d1768 |
||